000
00339nam a2200145Ia 4500
008
150201s2007 xx 000 0 und d
082
_a
611
_b
C2007S
100
_a
SINGH VISHRAM
245
_a
CLINICAL & SURGICAL ANATOMY
250
_a
2ND
260
_b
ELSEVIER
_a
DELHI
_c
2007
300
_a
1-508
650
_a
ANATOMY
942
_2
ddc
_c
BK
_0
1
999
_c
3686
_d
3686